000 00523nam a22001937a 4500
003 KOHA_MİRAKIL
005 20251116122656.0
008 251116b tu ||||| |||| 00| 0 tur d
020 _a9789755336367
040 _aTR-AnABB
_btur
_cTR-AnABB
041 _atur
082 _a813.42
_bGER 2010
100 1 _aGerger, Adnan,
245 1 0 _aFaili meçhul öfke /
_cAdnan Gerger
260 _aAnkara :
_bİmge Kitapevi,
_c2010
300 _a434 sayfa ;
_c20 cm
650 0 4 _aTürk edebiyatı, roman
942 _2ddc
_cBK
999 _c9408
_d9408
900 _bGizem YORULMAZ